مكتبة جامعة عجلون الوطنية

فهرس بحث المكتبة

Normal view MARC view
  • Cloud computing-security measures examinations-study guides

Entry Topical Term

Number of records used in: 1

001 - CONTROL NUMBER

  • control field: 6359

003 - CONTROL NUMBER IDENTIFIER

  • control field: JO-AjAnu

005 - DATE AND TIME OF LATEST TRANSACTION

  • control field: 20230606071330.0

008 - FIXED-LENGTH DATA ELEMENTS

  • fixed length control field: 230606|| aca||aabn | a|a d

040 ## - CATALOGING SOURCE

  • Original cataloging agency: JO-AjAnu
  • Transcribing agency: JO-AjAnu

150 ## - HEADING--TOPICAL TERM

  • Topical term or geographic name entry element: Cloud computing-security measures examinations-study guides

670 ## - SOURCE DATA FOUND

  • Source citation: Work cat.: (JO-AjAnu)3293: Lachance,Daniel, Glen E.Clarke, author 6358, CompTIA Security+ Certication Practice Exams